| 000 | 00597nam a22001817a 4500 | ||
|---|---|---|---|
| 003 | OSt | ||
| 005 | 20240528155602.0 | ||
| 008 | 240528b ||||| |||| 00| 0 eng d | ||
| 040 | _cAIMIT LIBRARY | ||
| 100 |
_aPrakash, Delin. _e202006 _9168267 |
||
| 245 |
_aMovie recommendation system / _cBy Delin Prakash; Guided by Hemalatha N and Richard Arulraj Edward. |
||
| 260 |
_aMangalore _c2022 |
||
| 650 |
_aData science _9168268 |
||
| 700 |
_aN, Hemalatha _eGuide _9168269 |
||
| 700 |
_aEdward, Richard Arulraj. _eGuide _9168270 |
||
| 856 |
_3Data sources and format _ywww.tcs.com |
||
| 942 |
_2ddc _cPRO |
||
| 999 |
_c230952 _d230952 |
||